=LDR 00000nam 2200000 4500 =001 INLIS000000000023219 =005 20130612121910 =008 ***********************************Ind** =035 ##$$0010-061300000023219 =041 ##$$a Ind =082 ##$$a 745.5 =090 ##$$a 745.5, Wid-p =100 ##$$a Widiyati =245 ##$$a Pernik-pernik, cindera mata berbahan natural, Widiyati =260 ##$$a 2005 $b Surabaya =300 ##$$a iv, 50 hlm., ilus, 23,5 cm =650 ##$$a Kerajinan =850 ##$$a NBPNMAT